书目信息 |
| 题名: |
农药混剂研制及混剂品种
|
|
| 作者: | 魏岑 ;刘乃炽 | |
| 分册: | ||
| 出版信息: | 北京 化学工业出版社 1999 |
|
| 页数: | 390 | |
| 开本: | 19cm | |
| 丛书名: | 全国"星火计划"丛书 | |
| 单 册: | ||
| 中图分类: | S482.3 | |
| 科图分类: | ||
| 主题词: | 植物--灾害--农药防治 , 植物--灾害--化学防治 | |
| 电子资源: | ||
| ISBN: | 7-5025-2551-3 | |
| 000 | 00695nam0 2200229 450 | |
| 001 | 0741144344 | |
| 005 | 20070817112544.34 | |
| 010 | @a7-5025-2551-3@d¥25.00 | |
| 100 | @a20070817d km y0chiy0120 ea | |
| 101 | 0 | @achi |
| 200 | 1 | @a农药混剂研制及混剂品种@Anong yao hun ji yan zhi ji hun ji pin zhong@f魏岑@Fwei cen@g刘乃炽@Gliu nai chi |
| 210 | @a北京@c化学工业出版社@d1999 | |
| 215 | @a390@d19cm | |
| 225 | 2 | @a全国"星火计划"丛书 |
| 410 | 0 | @12001 @a全国"星火计划"丛书 |
| 606 | 0 | @a植物@x灾害@x农药防治 |
| 606 | 0 | @a植物@x灾害@x化学防治 |
| 690 | @aS482.3@v3 | |
| 701 | 0 | @a魏岑@Awei cen |
| 702 | 0 | @a刘乃炽@Aliu nai chi |
| 801 | 0 | @aCN@bPFT@c20070817 |
| 905 | @a213230@dS482.3@en2@f1 | |
| 农药混剂研制及混剂品种/魏岑/刘乃炽.-北京:化学工业出版社,1999 |
| 390;19cm.-(全国"星火计划"丛书) |
| ISBN 7-5025-2551-3:¥25.00 |
| ● |
| 相关链接 |
|
|
|
|
正题名:农药混剂研制及混剂品种
索取号:S482.3/n2
 
预约/预借
| 序号 | 登录号 | 条形码 | 馆藏地/架位号 | 状态 | 备注 |
| 1 | 6600618 | 266006181 | 密集书库-生命科学系/ [索取号:S482.3/n2] | 在馆 |